000 00465nam a22001457a 4500
008 140902b xxu||||| |||| 00| 0 eng d
020 _a0406090114
050 _aKD277.7.L39( 1873-74 vol.9)
245 _aThe Law Reports ( 1873-74 vol.9) court of common pleas. /
_cedited by J.R. Bulwer.
260 _aLondon:
_bButterworth & Co Ltd,
_c1873-1874.
300 _axi,752p.:
_c24cm.
440 _pCourt of common pleas.
_vvol.9.
800 _aBulwer J.
942 _2lcc
_cBK
999 _c4081
_d11581